Language and life in the U.S.A
保存先:
| 第一著者: | |
|---|---|
| フォーマット: | 図書 |
| 言語: | Undetermined |
| 主題: | |
| タグ: |
タグ追加
タグなし, このレコードへの初めてのタグを付けませんか!
|
| Thư viện lưu trữ: | Trung tâm Học liệu Trường Đại học Cần Thơ |
|---|
| LEADER | 00404nam a2200145Ia 4500 | ||
|---|---|---|---|
| 001 | CTU_683 | ||
| 008 | 210402s9999 xx 000 0 und d | ||
| 082 | |a 420 | ||
| 082 | |b D725 | ||
| 100 | |a Gladys J Doty | ||
| 245 | 0 | |a Language and life in the U.S.A | |
| 245 | 0 | |c Gladys J Doty, Janet Ross | |
| 650 | |a english language | ||
| 904 | |i Minh, 960731 | ||
| 980 | |a Trung tâm Học liệu Trường Đại học Cần Thơ | ||